Χαρτογράφηση των βιοτόπων της καφέ αρκούδας στην Ελλάδα : πτυχιακή εργασία

Αποθηκεύτηκε σε:
Λεπτομέρειες βιβλιογραφικής εγγραφής
Κύριος συγγραφέας: Φολίνα, Δήμητρα
Συγγραφή απο Οργανισμό/Αρχή: Πανεπιστήμιο Αιγαίου. Σχολή Κοινωνικών Επιστημών. Τμήμα Γεωγραφίας
Άλλοι συγγραφείς: Καλαμποκίδης, Κώστας Δ. (Εισηγητής διατριβής)
Μορφή: Thesis Βιβλίο
Γλώσσα:Greek
Δημοσίευση: 2014
Θέματα:
Διαθέσιμο Online:http://hdl.handle.net/11610/6234
Ετικέτες: Προσθήκη ετικέτας
Δεν υπάρχουν, Καταχωρήστε ετικέτα πρώτοι!

MARC

LEADER 00000cam a2200000 i 4500
001 1/67241
008 150217s2014 gre d
035 |l 10121128 
040 |a GR-MY-UA  |b gre  |e aacr 
041 0 |a gre 
082 0 |a 599  |2 (22) 
100 1 |a Φολίνα, Δήμητρα. 
245 1 0 |a Χαρτογράφηση των βιοτόπων της καφέ αρκούδας στην Ελλάδα :  |b πτυχιακή εργασία /  |c της Φολίνας Δήμητρας ; επιβλέπων καθηγητής: Κώστας Καλαμποκίδης 
260 |c 2014 
300 |a 51 σ.;  |b πίν.;  |c 30 εκ. 
502 |a Πτυχιακή εργασία – Πανεπιστήμιο Αιγαίου, Λέσβος, 2014. 
504 |a Βιβλιογραφία: σ. 47-51 
650 0 |a Brown bear  |x Ecology. 
650 0 |a Brown bear  |z Greece  |z Pindus Mountains. 
650 0 |a Brown bear  |z Greece  |z Rhodope Mountains. 
650 0 |a Brown bear  |x Habitat  |x Geographic information systems. 
650 0 |a Dissertations, Academic  |z Greece. 
700 1 |4 ths  |a Καλαμποκίδης, Κώστας Δ. 
710 2 |a Πανεπιστήμιο Αιγαίου.   |b Σχολή Κοινωνικών Επιστημών.   |b Τμήμα Γεωγραφίας. 
852 |a INST  |b LESVOS  |c DIATR  |e 20150217  |h 839  |p 005100056018  |q 005100056018  |t DIE  |y 23 
852 |a INST  |b LESVOS  |c DIATR  |e 20150217  |h 840  |p 005100056017  |q 005100056017  |t DIE  |y 23 
856 |u http://hdl.handle.net/11610/6234 
901 |a BIBL1-2015-1 
909 |a Λ  |b 192813 
909 |a Λ  |b 192814 
924 |a ΦΟΛΙΝΑ  |b ΔΗΜΗΤΡΑ  |y ΛΕΣΒΟΣ  |z 2014-11 
970 |a ΤΖΑΦΕΡΗ  |b ΕΥΑΓΓΕΛΙΑ  |z 2015/02/17